000
00301nam a2200121Ia 4500
008
190216s9999||||xx |||||||||||||| ||und||
100
_a
Finar I L
245
0
_a
Organic Chemistry Vol Ii
260
_b
English Language Book Society
_c
1973
300
_a
964p
650
_a
Chemistry-Chemistry
942
_c
BK
999
_c
1950
_d
1950